Traite de thérapeutique chirurgicale et de techique opératoire / (Record no. 58120)

MARC details
000 -LEADER
campo de control de longitud fija 00750nam a2200181 i 4500
001 - NÚMERO DE CONTROL
campo de control 58120
003 - IDENTIFICADOR DE NÚMERO DE CONTROL
campo de control ES-MaACL
005 - FECHA Y HORA DE LA ÚLTIMA TRANSACCIÓN
campo de control 20230906163730.0
007 - CAMPO FIJO DE DESCRIPCIÓN FÍSICA--INFORMACIÓN GENERAL
campo de control de longitud fija t|
008 - DATOS DE LONGITUD FIJA--INFORMACIÓN GENERAL
campo de control de longitud fija 031021m19081913fr ||||1| fre d
100 1# - ENTRADA PRINCIPAL--NOMBRE DE PERSONA
Nombre de persona Doyen, E.
9 (RLIN) 45546
245 10 - MENCIÓN DEL TÍTULO
Título Traite de thérapeutique chirurgicale et de techique opératoire /
Mención de responsabilidad, etc. E. Doyen.
260 ## - PUBLICACIÓN, DISTRIBUCIÓN, ETC.
Lugar de publicación, distribución, etc. Paris :
Nombre del editor, distribuidor, etc. [s.n.],
Fecha de publicación, distribución, etc. 1908-13 (
Fabricante Philippe Renouard)
300 ## - DESCRIPCIÓN FÍSICA
Extensión 5 v. ;
Dimensiones 28 cm.
505 8# - NOTA DE CONTENIDO CON FORMATO
Nota de contenido con formato Contiene: T. I: Technique chirurgicale générale. -- T. II: Operations sus la tête. -- T. III: chirurgie du cou, du thorax et du membre supérieur. -- T. IV: Operations sur les organes génito-urinaires et sur le membre inferieur
650 04 - PUNTO DE ACCESO ADICIONAL DE MATERIA--TÉRMINO DE MATERIA
Término de materia o nombre geográfico como elemento de entrada Terapéutica quirúrgica.
9 (RLIN) 17480
852 ## - LOCALIZACIÓN
Ubicación ES-MaACL
Número de control de estantería B-11002-06
Holdings
Estatus retirado Estado de pérdida Estado de daño No para préstamo Biblioteca de origen Biblioteca actual Ubicación en estantería Fecha de adquisición Fuente de adquisición Total de préstamos Signatura topográfica completa Código de barras Visto por última vez Precio de reemplazo Tipo de ítem Koha
        Biblioteca del Ateneo de Madrid Biblioteca del Ateneo de Madrid Sala Pardo Bazán 17/01/2008     B-11002-06 1060995 23/02/2023 23/02/2023 Libro impreso